عرض عادي
عرض مارك
- Crenshaw, Jack W.
مدخل إسم شخص
001 - رقم الضبط
- حقل الضبط: 4768
003 - معرف رقم الضبط
- حقل الضبط: OSt
005 - تاريخ ووقت أخر عملية
- حقل الضبط: 20110921155321.0
008 - عناصر بيانات ثابتة الطول
- حقل تحكم ثابت الطول: 110921|||a|||||| | ||| d
040 ## - مصدر الفهرسة
- هيئة الفهرسة الأصلية: OSt
- وكالة الكتابة: OSt
100 ## - مدخل -- أسم شخص
- إسم شخص: Crenshaw, Jack W.
670 ## - بيانات المصدر موجوده
- الاستشهاد بالمصدر: Work cat.: (OSt)790: Crenshaw, Jack W., Math toolkit for real-time programming /, c2000.
